Experimentálna hudba: Cage a iní

Bibliographic Details
Main Author: Nyman, Michael 1944- (Author)
Other Authors: Zagar, Peter, 1961- (Translator)
Format: Book
Language:Slovak
English
PhysicalDescription:214 s. fotogr., noty 25 cm
Published: Bratislava Hudobné centrum 2007
ISBN:9788088884934
Edition:[2. vyd.]
Series:Preklady
Subjects:

MARC

LEADER 00000nam a2200000 a 4500
001 vtls009329341
003 SK-MaSNL
005 20260301224928.0
008 240314s2007 xo ol f 001 0 slo
015 |a SNBA2009/02-00349 
020 |a 9788088884934  |q (brož.) 
035 |a 7D66FB36-2932-4E2E-BDE4-3910E592D315 
035 |a urn:nbn:sk:snk-amlfeu 
035 |a urn:nbn:sk:snk-am008xf2 
040 |a SNK  |b slo  |c SNK  |e AACR2 
041 1 |a slo  |h eng 
044 |a xo  |c SK 
072 7 |a 78  |x Hudba  |2 konspekt 
080 |a 78-028.77  |2 2001 
080 |a 78.071.1/.2  |2 2001 
080 |a (048.8)  |2 2001 
100 1 |a Nyman, Michael  |d 1944-  |4 aut  |9 617801 
240 1 0 |a Experimental music, Cage and beyond  |l Slovensky 
245 1 0 |a Experimentálna hudba: Cage a iní  |c Michael Nyman ; preložil Peter Zagar 
250 |a [2. vyd.] 
260 |a Bratislava  |b Hudobné centrum  |c 2007 
300 |a 214 s.  |b fotogr., noty  |c 25 cm 
490 1 |a Preklady 
500 |a Zozn. Diskografia 
504 |a Bibliogr. s. 190-191, 207-214 
648 7 |a 19. stor.  |2 SNKPH  |9 278793 
650 0 7 |a experimentálna hudba  |2 SNKPH  |9 89853 
650 0 7 |a hudobníci  |2 SNKPH  |9 3189 
655 7 |a monografie  |2 SNKPH  |9 70139 
700 1 |a Zagar, Peter,  |d 1961-  |4 trl  |9 98392 
830 0 |a Preklady  |9 286583 
919 |a 978-80-8884-93-4 
958 |a NB 
958 |a OP 
968 |b ENG  |d 78 
999 |c 949049  |d 950979 
952 |a SNK  |b SNK  |y PREZ  |7 0  |p 17A0595230  |o snkSC 132843  |i snk2008/16294  |8 0  |0 0  |1 0  |4 0  |d 2008-09-03  |f 1  |l 0  |r 2025-06-24 00:00:00  |w 2026-02-24 
952 |a SNK  |b SNK  |y VYP  |7 0  |p 17A0595231  |o snkSC 132843 D1  |i snk2008/16295  |8 0  |0 0  |1 0  |4 0  |d 2008-09-03  |l 0  |r 2026-02-24 09:43:30  |w 2026-02-24